| 000 | 00462nam a2200181Ia 4500 | ||
|---|---|---|---|
| 008 | 230711s9999||||xx |||||||||||||| ||und|| | ||
| 020 | _a978-81-265-5659-5 | ||
| 041 | _aENG | ||
| 082 |
_a543.5 _bSI-S |
||
| 100 | _aSilverstein,Robert M | ||
| 245 | 0 | _aSpectrometric identification of organic compounds | |
| 250 | _a8th Ed. | ||
| 260 |
_c2015 _aNew Delhi _bWiley & Sons |
||
| 300 | _a455p. | ||
| 650 | _aChemistry | ||
| 700 | _aWebster,Francis X | ||
| 942 | _cBK | ||
| 999 |
_c6173 _d6173 |
||